01032 2200349 4500001002100000005001500021007000300036008004100039020001800080035002000098040001600118041000800134082000800142084001400150090002100164100002300185245012000208250001100328264003300339300003900372336002100411337003000432338002300462504002600485650001200511700004400523700003900567850001000606990002200616990002200638990002200660INLIS00000000000746120260602111722ta260602 0  a979-763-521-X a0010-0822000435 aSBUPADbind07aind a642 a642 BAR d a642 BAR d L20-100 aBartonoePengarang1 aDasar-Dasar Food Product :bDilengkapi Dengan Resep-Resep Istiewa /cBartono, Ruffino; Editor, FI. Sigit Suryantoro a.-ed.1 a.--Yogyakarta :bAndi,c2006 axii, 260 hlm :bilus ;c17,6x25 cm 2rdacontentateks 2rdamediaatanpa perantara 2rdacarrieravolume aBibliografi, hlm 259 4aMakanan0 aEditor, FI. Sigit SuryantoroePengarang0 aPengarang Ke-2 ,RuffinoePengarang aPUPAD a27.413/H/DPK/2018 a27.415/H/DPK/2018 a27.416/H/DPK/2018